000 00319nam a22001337a 4500
008 170403b xxu||||| |||| 00| 0 eng d
020 _a9781107649071
041 _aeng
080 _a574
100 _a9
101 _aSHM
245 _aECONOMICS AND THE CHALLENGE OF GLOBAL WARMING
_cPEARSON, CH.S
942 _2udc
_cBK
999 _c9500
_d9500